[Event "Travemuende op 21th"]
[Site "Travemuende"]
[Date "2004.12.29"]
[Round "5"]
[White "Voloshin, Leonid"]
[Black "Frodl, Michael"]
[Result "1/2-1/2"]
[WhiteElo "2494"]
[BlackElo "2240"]
[PlyCount "85"]
[EventDate "2004.12.27"]
[EventType "swiss"]
[EventRounds "7"]
[EventCountry "GER"]
[SourceTitle "EXT 2006"]
[Source "ChessBase"]
[SourceDate "2005.11.24"]
[SourceVersion "1"]
[SourceVersionDate "2005.11.24"]
[SourceQuality "1"]

1. d4 d5 2. c4 c6 3. Nc3 Nf6 4. e3 a6 5. a4 e6 6. Nf3 c5 7. Be2 Nc6 8. 0-0 Bd6 9. cxd5 exd5 10. dxc5 Bxc5 11. Nd4 0-0 12. Nxc6 bxc6 13. Qc2 Qe7 14. Bf3 Ng4 15. Bxg4 Bxg4 16. Ne2 Bxe2 17. Qxe2 Bd6 18. Qc2 Rac8 19. Bd2 Rfe8 20. Bc3 Qh4 21. h3 Re6 22. Qf5 Rce8 23. Rfd1 Qe7 24. Rac1 Bb4 25. Bxb4 Qxb4 26. Qc2 Rb8 27. Rd4 Qb6 28. Qc3 g6 29. b4 Ra8 30. Qc5 Qxc5 31. Rxc5 Rb8 32. Kf1 Kf8 33. Ke2 Ke7 34. Kd3 f5 35. g4 fxg4 36. hxg4 Rf6 37. f4 Rb6 38. g5 Re6 39. Rc1 Rb7 40. Rh1 Kd6 41. a5 Rbe7 42. Rh3 c5 43. bxc5+ 1/2-1/2